000 00541nam a2200193 i 4500
001 92783
003 ES-MaACL
005 20250825003654.0
007 t|
008 050328s1964 bl ||||1| por d
080 _a264.02-13
245 0 0 _aLivro de horas /
_ctraduçao de Maria de Lourdes Noronha.
260 _aSao Paulo :
_bHerder,
_c1964.
300 _aXXXVI, 788 p. ;
_c18 cm.
650 7 _aLibros de horas
_2embne
_9173752
700 1 _aNoronha, María de Lourdes.
_985998
852 4 _aES-MaACL
_jC-26952
999 _c92783
_d92783